Marvel Movies by Release Date - Statistics

General Stats
  • This quiz has been taken 59 times
  • The average score is 13 of 23
Answer Stats
Hint Answer % Correct
2008 Iron Man
98%
2010 Iron Man 2
81%
2008 The Incredible Hulk
81%
2011 Thor
81%
2013 Iron Man 3
79%
2012 The Avengers
79%
2011 Captain America: The First Avenger
74%
2015 Avengers: Age of Ultron
65%
2013 Thor: The Dark World
60%
2014 Captain America: The Winter Soldier
58%
2014 Guardians of the Galaxy
58%
2016 Captain America: Civil War
56%
2015 Ant-Man
53%
2016 Doctor Strange
51%
2018 Black Panther
49%
2019 Avengers: Endgame
44%
2018 Avengers: Infinity War
42%
2019 Captain Marvel
42%
2017 Thor: Ragnarok
42%
2019 Spider-Man: Far From Home
40%
2017 Spider-Man: Homecoming
40%
2018 Ant-Man and the Wasp
35%
2017 Guardians of the Galaxy Vol. 2
35%
No matching quizzes found
Score Distribution
Percent of People with Each Score
Percentile by Number Answered
Your Score History
You have not taken this quiz